000 00538nam a22001697a 4500
005 20251108165850.0
008 250721s9999 xx 000 0 ara d
082 1 4 _aط/910/قبا
245 1 0 _aفي قبائل الهنود الحمر /
264 1 _aبيروت :
_bدار شهرزاد،
_c[19-].
300 _a[23] ص. : مص.
490 0 _aحياة الإنسان
650 1 7 _aالهنود الحمر الأمريكيون
653 _aأطفال مرحلة متوسطة ( 6 - 9 سنوات )
942 _2ddc
_cBK
999 _c33353
_d33353